Statistics for Guess the rapper

Click here to take the quiz!

General Stats

  • This quiz has been taken 756 times
  • The average score is 7 of 15

Answer Stats

HintAnswer% Correct
Double GSnoop Dogg
86%
NorthKanye West
84%
BlueprintJay Z
76%
WhiteEminem
75%
MedicalDr Dre
65%
Im a gangsta grampa and im proud of it50 Cent
47%
Young Mula BabyLil Wayne
47%
Fast and furiousLudacris
41%
Fuck Jay ZNas
38%
You ol dirtyOl Dirty Bastard
29%
Little johnathonLil jon
27%
JeezusYoung Jeezy
14%
G Unit YBYoung Buck
12%
Pass outTinie Tempah
8%
Smoke weed everydayXzibit
4%

Score Distribution

Percentile by Number Answered

Percent of People with Each Score

Your Score History

You have not taken this quiz